000 00341nam a2200145 i 4500
001 bg
100 1 _aBRUMBERG, V. A.
245 0 _aReljativisticeskaja nebesnaja mechanika /
_cV.A. Brumberg.
260 _aMoskva,
_c1972.
040 _cBPK
041 _apol
080 _a521.1
942 _cKS
008 s pl f |000 0 pol
999 _c14735
_d14735
856 _uhttp://koha.tu.koszalin.pl/cgi-bin/koha/opac-detail.pl?biblionumber=14735
_yKatalog online BPK